000 00521nam a22001817a 4500
005 20180702104326.0
010 _aB-061433
020 _a9788171674978
_c295.00
035 _aB-061433, B-61432
037 _bBPPD/PUB
082 _a881
100 _aGandhi, Feroze Varun
245 _aThe otherness of self /
_cby Feroze Varun Gandhi
260 _aNew Delhi
_bRupa & Co.
_c2000
270 _a7/16, Ansari Road, Daryaganj
_bDelhi
_e110002
300 _a96 p.
_c20cm(Hb)
942 _2ddc
_cEN
_mGAN
_h881
999 _c152613
_d152613